Impact of finer grid resolution on the spatial distribution of vehicle emissions inventories /

সংরক্ষণ করুন:
গ্রন্থ-পঞ্জীর বিবরন
প্রধান লেখক: Niemeier, Debbie A.
অন্যান্য লেখক: Zheng, Yi.
বিন্যাস: প্রবন্ধ
ভাষা:English
বিষয়গুলি:
ট্যাগগুলো: ট্যাগ যুক্ত করুন
কোনো ট্যাগ নেই, প্রথমজন হিসাবে ট্যাগ করুন!
Thư viện lưu trữ: Thư viện Trường Đại học Đà Lạt
LEADER 00982nam a2200325 4500
001 DLU090094576
005 ##20091201
040 # # |a DLU  |b eng 
041 # # |a eng 
044 # # |a us 
100 # # |a Niemeier, Debbie A.  
245 # # |a Impact of finer grid resolution on the spatial distribution of vehicle emissions inventories /  |c Debbie A. Niemeier, Yi Zheng. 
653 # # |a Air pollution 
653 # # |a Air quality 
653 # # |a Atmospheric dispersion 
653 # # |a Emission inventory 
653 # # |a High resolution 
653 # # |a Motor vehicle 
653 # # |a Road traffic 
700 # # |a Zheng, Yi. 
773 # # |t Environmental Science & Technology  |g Vol. 38, no. 7 (April 2004), p. 2133-2141 
920 # # |a Phòng Tạp chí -- Trung tâm Thông tin - Thư viện Trường Đại học Đà Lạt 
994 # # |a DLU 
900 # # |a True 
911 # # |a Trương Bảo Trâm Anh 
925 # # |a G 
926 # # |a A 
927 # # |a BB 
980 # # |a Thư viện Trường Đại học Đà Lạt